000 00525nam a2200157Ia 4500
008 160316s2005 xxu||||| |||| 00| 0 eng d
082 _a343.099450
_bCAR
100 _aCard Duncan Corell
245 _aInformation technology transactions : Legal and commercial strategies
250 _a
260 _aCanada
_bSweet & Maxwell
_c2005
300 _a262p
_b
_cxxviii
365 _bRs.8,286
650 _a1. Computers - Law & Legislation - Canada 2. Electronic Commerce - Law & Legislation 3. Electronic Commerce
700 _a
_a
999 _c23279
_d23279